000 00829cam a2200217 4500
008 000000n2000 000 0 eng u
035 _a(Sirsi) u107346
245 _aProperty offered on digital TV
260 _c2000
490 _aRevolution
_v 19 July 2000, 4(1)
520 _aReports on the imminent launch of Asserta home's new interactive service on digital TV platform Telewest. Digital TV viewers will be able to use their remote controls to access the online homes database.
590 _aWB
650 _aASSERTA HOME
650 _aDIGITAL TV
650 _aTELEWEST
650 _aONLINE CONVEYANCING
650 _aPROPERTY SERVICE
650 _aPROPERTY-RESIDENTIAL PROPERTY-ACQUISITION AND DISPOSAL OF RESIDENTIAL PROPERTY
690 _aMANAGEMENT-BUSINESS MANAGEMENT-INFORMATION MANAGEMENT
942 _n0
999 _c64184
_d64184